|
|
|
|
| LEADER |
01111nam a2200253 a 4500 |
| 001 |
2107783 |
| 008 |
100214r20091997njua b 001 0 eng g |
| 010 |
|
|
|a 96035109
|
| 020 |
|
|
|a 0134956567
|
| 040 |
|
|
|a DLC
|c DLC
|d DLC
|d DB-DhAAL
|
| 082 |
0 |
0 |
|a 621.3815/2
|2 20
|
| 100 |
1 |
|
|a Bhattacharya, Pallab.
|
| 245 |
1 |
0 |
|a Semiconductor optoelectronic devices /
|c Pallab Bhattacharya.
|
| 250 |
|
|
|a 2nd ed.
|
| 260 |
|
|
|a Upper Saddle River, NJ ;
|a New Delhi :
|b PHI Learning Private Ltd.,
|c c1997.[reprinted 2009]
|
| 300 |
|
|
|a xxv, 613 p. :
|b ill. ;
|c 24 cm.
|
| 504 |
|
|
|a Includes bibliographical references and index.
|
| 541 |
1 |
|
|e 00019773
|
| 650 |
|
0 |
|a Optoelectronic devices.
|
| 650 |
|
0 |
|a Semiconductors.
|
| 852 |
4 |
|
|a Ayesha Abed Library
|j General Shelf.
|
| 999 |
|
|
|c 7512
|d 7512
|
| 952 |
|
|
|0 0
|1 0
|2 ddc
|4 0
|6 621_381520000000000_BHA_2009
|7 0
|9 8099
|a BRACUL
|b BRACUL
|c GEN
|d 2010-02-15
|l 1
|o 621.38152 BHA
|p 3010019773
|r 2013-04-29
|s 2012-12-31
|t 1
|w 2010-02-15
|y BK
|
| 952 |
|
|
|0 0
|1 0
|2 ddc
|4 0
|6 621_381520000000000_BHA_2009
|7 0
|9 8100
|a BRACUL
|b BRACUL
|c GEN
|d 2010-02-15
|l 5
|m 26
|o 621.38152 BHA
|p 3010019774
|r 2026-01-31
|s 2025-10-13
|t 2
|w 2010-02-15
|y BK
|